|
|
|
|
| LEADER |
00867nam a22002297a 4500 |
| 001 |
AAL9692 |
| 003 |
BD-DhAAL |
| 005 |
20180521102554.0 |
| 008 |
180521b2012 xxua|||| |||| 00| 0 ben d |
| 999 |
|
|
|c 39366
|d 39366
|
| 020 |
|
|
|a 9789842010262
|
| 040 |
|
|
|a BD-DhAAL
|d BD-DhAAL
|
| 082 |
|
|
|a 891.448509
|
| 100 |
|
|
|a কবীর, শামসুল
|9 25910
|
| 245 |
|
|
|a বিল্টু আর গিল্টু /
|b শামসুল কবীর
|
| 260 |
|
|
|a Dhaka :
|b Adorn,
|c 2012.
|
| 300 |
|
|
|a 31 pages :
|b illustrations ;
|c 24 cm
|
| 541 |
|
|
|e 9692
|
| 650 |
|
|
|a Children's stories, Bengali
|9 25911
|
| 852 |
|
|
|a Savar Campus Library
|c General Shelf
|
| 942 |
|
|
|2 ddc
|c BK
|
| 952 |
|
|
|0 0
|1 0
|2 ddc
|4 0
|6 891_448509000000000_KAB
|7 0
|9 63349
|a SCL
|b SCL
|c GEN
|d 2018-05-21
|e Development Book Agency
|g 90.00
|l 5
|m 25
|o 891.448509 KAB
|p 3020009692
|r 2025-11-17
|s 2025-08-17
|t 1
|w 2018-05-21
|y BK
|